Départements traversés par les 8 fleuves principaux sur une carte - Statistiques

Statistiques générales
  • Ce quiz a été pris 228 fois
  • Le résultat moyen est 47 sur 63
Réponses sur la Carte
Les réponses sont colorées sur une échelle allant du rouge au vert en fonction du pourcentage des utilisateurs qui les ont devinées à leur premier essai. Vous pouvez retrouver ces pourcentages ci-dessous.
 
Statistiques - réponses
Réponse % Correct
Loire
97%
Loire
97%
Seine
94%
Rhône
92%
Rhône
92%
Gironde
89%
Gironde
89%
Loiret
88%
Paris
85%
Charente
82%
Charente
82%
Loire-Atlantique
82%
Lot
80%
Charente-Maritime
79%
Seine-et-Marne
79%
Seine-Maritime
78%
Seine-Saint-Denis
78%
Eure
77%
Bouches-du-Rhône
76%
Calvados
76%
Cher
76%
Ain
75%
Haute-Garonne
75%
Marne
75%
Yvelines
75%
Gard
74%
Isère
74%
Lot-et-Garonne
74%
Cantal
73%
Dordogne
73%
Dordogne
73%
Drôme
73%
Essonne
73%
Haute-Loire
73%
Loir-et-Cher
73%
Allier
72%
Ardèche
72%
Ardèche
72%
Guyane
72%
Hauts-de-Seine
72%
Saône-et-Loire
72%
Val-de-Marne
72%
Val-d'Oise
72%
Vaucluse
72%
Vienne
72%
Tarn-et-Garonne
71%
Côte-d'Or
70%
Haute-Savoie
70%
Maine-et-Loire
70%
Nièvre
70%
Puy-de-Dôme
70%
Savoie
70%
Haute-Marne
69%
Indre-et-Loire
67%
Meuse
67%
Meuse
67%
Ardennes
66%
Vosges
66%
Haute-Vienne
65%
Aube
63%
Corrèze
63%
Garonne
47%
Maroni
22%
Aucun quiz correspondant
Distribution des résultats
% des personnes avec chaque résultat
Percentile par nombre de réponses
Votre historique - résultats
Vous n’avez pas pris ce quiz